| 000 | 00484cam a2200169ua 4500 | ||
|---|---|---|---|
| 001 | 5798 | ||
| 008 | 131028n ii |||gr||||Z||||||eng | ||
| 040 | _cMAIN | ||
| 082 | _a954.162 | ||
| 100 |
_aDutta,Ajit Kumar, _eAuthor. |
||
| 245 |
_aManiram Dewan And The Contemporary Assamese Society _cby Ajit Kumar Dutta |
||
| 260 |
_aGuwahati: _bBidya Mandir, _c1990. |
||
| 300 | _axiii,268p. | ||
| 653 | _aHistory | ||
| 653 | _aManiram Dewan And The Contemporary Assamese Society | ||
| 942 | _cBK | ||
| 999 |
_c4956 _d4956 |
||